000 00794nas a2200265 4500
001 BR0203519
003 BR-BrBNA
005 20231205103114.0
007 ta
008 230509b bl.|||p| |||| 00| 00por d
040 _aBR-BrBNA
_bpor
_cBiblioteca Nacional de Agricultura
041 _a(Pt)
072 _aH20
100 1 _aUeno, B.
100 1 _aUesugi, C.H.
245 1 _aLevantamento da ocorrência de Xylella fastidiosa em cafeeiro do Distrito Federal e Entorno
650 _aCAFÉ
650 _aXYLELLA FASTIDIOSA
650 _aVARIEDADE
650 _aMICROSCÓPIO
650 _aDISTRITO FEDERAL
773 0 _tFitopatologia Brasileira (Brazil)
_xISSN 0100-4158
_g(Mar-Apr 2002), v. 27(2) p. 223
_wBR0203519
909 _a202311
_bLúcia
_c55
_dLúcia Elande
942 _2AGRIS
_n0
_cANA
999 _c171100
_d171100